[Event "WC-2013-Q-00013"]
[Site "LSS email"]
[Date "2013.10.22"]
[Round "?"]
[White "Simmelink, Joop Theo"]
[Black "Skonieczny, Jerzy"]
[Result "1/2-1/2"]
[WhiteElo "2430"]
[BlackElo "2408"]
[PlyCount "98"]
[EventDate "2013.10.27"]
[EventType "tourn (corr)"]
[EventRounds "12"]
[EventCountry "GER"]
[SourceTitle "Corr 2022"]
[Source "ChessBase"]
[SourceDate "2021.10.24"]
[SourceVersion "1"]
[SourceVersionDate "2021.10.24"]
[SourceQuality "1"]

1. e4 d5 2. exd5 Nf6 3. Nf3 Nxd5 4. d4 Bg4 5. h3 Bxf3 6. Qxf3 e6 7. Bd3 Qf6 8. Qe4 Nc6 9. c3 0-0-0 10. 0-0 g5 11. f4 gxf4 12. Bxf4 Nxf4 13. Qxf4 Qxf4 14. Rxf4 e5 15. Rxf7 exd4 16. Rxh7 Bc5 17. b4 Bb6 18. Rxh8 Rxh8 19. Kh2 Kb8 20. a3 Ne5 21. Bf5 d3 22. Nd2 Be3 23. Nf1 Bf4+ 24. g3 Bh6 25. g4 Bf4+ 26. Kg2 d2 27. Bc2 Rd8 28. h4 c6 29. Rd1 Rh8 30. h5 Rg8 31. Bf5 Rd8 32. Ng3 Nc4 33. Ne4 Bh6 34. Kf3 Nb2 35. Rxd2 Rxd2 36. Nxd2 Bxd2 37. Ke4 Kc7 38. c4 Nxc4 39. Kd3 b5 40. Be6 Bc1 41. Bxc4 bxc4+ 42. Kc2 Be3 43. Kc3 Kd6 44. Kxc4 Ke6 45. a4 Kf6 46. b5 cxb5+ 47. axb5 Kg5 48. Kd3 Bb6 49. Ke4 Ba5 1/2-1/2

[Event "WC-2013-Q-00013"]
[Site "LSS email"]
[Date "2013.10.22"]
[Round "?"]
[White "Skonieczny, Jerzy"]
[Black "Zakharov, Oleg Yu"]
[Result "1-0"]
[WhiteElo "2408"]
[BlackElo "2269"]
[PlyCount "57"]
[EventDate "2013.10.27"]
[EventType "tourn (corr)"]
[EventRounds "12"]
[EventCountry "GER"]
[SourceTitle "Corr 2022"]
[Source "ChessBase"]
[SourceDate "2021.10.24"]
[SourceVersion "1"]
[SourceVersionDate "2021.10.24"]
[SourceQuality "1"]

1. e4 c5 2. Nf3 d6 3. d4 cxd4 4. Nxd4 Nf6 5. Nc3 a6 6. Be3 e5 7. Nb3 Be6 8. f4 exf4 9. Bxf4 Nc6 10. Qe2 Be7 11. h3 0-0 12. 0-0-0 Qc7 13. g4 h6 14. Kb1 Ne5 15. g5 hxg5 16. Bxg5 Rac8 17. Rg1 g6 18. h4 Nc4 19. Bc1 Ne5 20. h5 Qd7 21. hxg6 fxg6 22. Qd2 Rf7 23. Nd4 Bg4 24. Be2 Re8 25. Bxg4 Nfxg4 26. Nd5 Bd8 27. Qc3 a5 28. Nf4 Bb6 29. Qg3 1-0

[Event "WC-2011-F-00002"]
[Site "LSS email"]
[Date "2011.11.23"]
[Round "?"]
[White "Hnatovsky, Nicholas"]
[Black "Skonieczny, Jerzy"]
[Result "1/2-1/2"]
[WhiteElo "2275"]
[BlackElo "2336"]
[PlyCount "70"]
[EventDate "2011.12.01"]
[EventType "tourn (corr)"]
[EventRounds "14"]
[EventCountry "GER"]
[SourceTitle "Telechess CBM 163"]
[Source "ChessBase"]
[SourceDate "2014.11.11"]
[SourceVersion "2"]
[SourceVersionDate "2014.11.11"]
[SourceQuality "1"]

1. d4 Nf6 2. c4 e6 3. g3 Bb4+ 4. Bd2 Qe7 5. Nf3 Nc6 6. Nc3 Bxc3 7. Bxc3 Ne4 8. Rc1 0-0 9. Bg2 d6 10. d5 Nb8 11. dxe6 Bxe6 12. Nd4 Bd7 13. 0-0 Re8 14. e3 Nc6 15. b3 Nxc3 16. Rxc3 Qe5 17. Rd3 Qc5 18. Nb5 Nb4 19. Rd4 Bc6 20. Nc3 Bxg2 21. Kxg2 Qe5 22. Nd5 Nxd5 23. cxd5 Re7 24. Qd3 a6 25. Rc1 f5 26. Rdc4 Rc8 27. a4 Qf6 28. Rb4 Rb8 29. Rf4 Rf8 30. Rb4 Rb8 31. Qd4 Qxd4 32. Rxd4 Kf7 33. Rdc4 Rc8 34. Kf3 Kf6 35. Rb4 Rb8 1/2-1/2

[Event "WC-2011-F-00002"]
[Site "LSS email"]
[Date "2011.11.23"]
[Round "?"]
[White "Rosso, Pier Andrea"]
[Black "Skonieczny, Jerzy"]
[Result "1/2-1/2"]
[WhiteElo "2323"]
[BlackElo "2336"]
[PlyCount "121"]
[EventDate "2011.12.01"]
[EventType "tourn (corr)"]
[EventRounds "14"]
[EventCountry "GER"]
[SourceTitle "Telechess CBM 163"]
[Source "ChessBase"]
[SourceDate "2014.11.11"]
[SourceVersion "2"]
[SourceVersionDate "2014.11.11"]
[SourceQuality "1"]

1. e4 c5 2. Nf3 Nc6 3. d4 cxd4 4. Nxd4 Nf6 5. Nc3 e5 6. Ndb5 d6 7. Bg5 a6 8. Na3 b5 9. Bxf6 gxf6 10. Nd5 f5 11. Bd3 Be6 12. 0-0 Bxd5 13. exd5 Ne7 14. c3 Bg7 15. Re1 0-0 16. Nc2 Qd7 17. Bf1 a5 18. g3 f4 19. a4 bxa4 20. Na3 fxg3 21. hxg3 f5 22. Bh3 Rac8 23. Re4 Rc5 24. Rxa4 Rxd5 25. Qc2 Qe6 26. Nc4 Rc5 27. Nxa5 Rb8 28. R1a3 e4 29. Rb3 Re8 30. Rb7 e3 31. fxe3 Qe5 32. Nc4 Qxg3+ 33. Qg2 Qh4 34. Qf1 d5 35. Nb6 Qg3+ 36. Bg2 Qxe3+ 37. Qf2 d4 38. Qxe3 dxe3 39. Kf1 Rb5 40. Nc4 Rxb7 41. Bxb7 f4 42. Ra5 Bf6 43. Bf3 Ng6 44. Nd6 Rb8 45. Rf5 Kg7 46. Nc4 h6 47. Ke2 Rd8 48. Bh5 Bg5 49. Ra5 Nh4 50. Ra7+ Kg8 51. Bg4 Re8 52. Nd6 Rb8 53. Nc4 Rf8 54. Ne5 Re8 55. Nf3 Nxf3 56. Bxf3 Rd8 57. Ra8 Rxa8 58. Bxa8 Kf7 59. Bd5+ Kf6 60. Bf3 Ke5 61. Kd3 1/2-1/2

[Event "CP-2010-P-00010"]
[Site "LSS email"]
[Date "2010.09.28"]
[Round "?"]
[White "Lavis, Jon"]
[Black "Skonieczny, Jerzy"]
[Result "0-1"]
[WhiteElo "1876"]
[BlackElo "2324"]
[PlyCount "86"]
[EventDate "2010.10.01"]
[EventType "tourn (corr)"]
[EventRounds "6"]
[EventCountry "GER"]
[SourceTitle "Telechess CBM 151"]
[Source "ChessBase"]
[SourceDate "2012.11.13"]
[SourceVersion "1"]
[SourceVersionDate "2012.11.13"]
[SourceQuality "1"]

1. Nf3 c5 2. e4 Nc6 3. d4 cxd4 4. Nxd4 Nf6 5. Nc3 e5 6. Ndb5 d6 7. Nd5 Nxd5 8. exd5 Nb8 9. Qf3 a6 10. Qa3 Be7 11. Bg5 f6 12. Bd2 0-0 13. Be2 b6 14. c4 Bb7 15. Nc3 Nd7 16. 0-0 f5 17. Rac1 Rb8 18. f3 a5 19. Na4 Qe8 20. f4 e4 21. Rb1 Bc8 22. b4 axb4 23. Qxb4 Qd8 24. Be3 Qc7 25. Rb3 Nc5 26. Nxc5 dxc5 27. Qd2 Ra8 28. Rfb1 Ra6 29. a4 Bd7 30. a5 bxa5 31. Qb2 Bf6 32. Rb7 Qd6 33. Qa3 Rc8 34. g3 a4 35. h4 Be8 36. h5 h6 37. Bf2 Qf8 38. Rd1 Bd4 39. Bxd4 cxd4 40. Qxf8+ Kxf8 41. Rxd4 Raa8 42. d6 Bc6 43. Rb6 Ke8 0-1

[Event "CP-2010-P-00010"]
[Site "LSS email"]
[Date "2010.09.28"]
[Round "?"]
[White "Skonieczny, Jerzy"]
[Black "Slavin, Pablo"]
[Result "1-0"]
[WhiteElo "2311"]
[BlackElo "1037"]
[PlyCount "41"]
[EventDate "2010.10.01"]
[EventType "tourn (corr)"]
[EventRounds "6"]
[EventCountry "GER"]
[SourceTitle "Telechess CBM 143"]
[Source "ChessBase"]
[SourceDate "2011.07.15"]
[SourceVersion "1"]
[SourceVersionDate "2011.07.15"]
[SourceQuality "1"]

1. e4 e5 2. f4 exf4 3. Nf3 g5 4. Bc4 Bg7 5. h4 h6 6. d4 d6 7. c3 Be6 8. Bxe6 fxe6 9. hxg5 hxg5 10. Rxh8 Bxh8 11. Qb3 Nd7 12. Qxe6+ Qe7 13. Qxg8+ Nf8 14. Qxh8 Qxe4+ 15. Kd1 0-0-0 16. Qh3+ Kb8 17. Nxg5 Qe7 18. Bxf4 Ng6 19. Qe6 Qxe6 20. Nxe6 Rh8 21. Kc2 1-0

[Event "CP-2010-P-00010"]
[Site "LSS email"]
[Date "2010.09.28"]
[Round "?"]
[White "Skonieczny, Jerzy"]
[Black "Tanti, Joseph G"]
[Result "1-0"]
[WhiteElo "2324"]
[BlackElo "1623"]
[PlyCount "117"]
[EventDate "2010.10.01"]
[EventType "tourn (corr)"]
[EventRounds "6"]
[EventCountry "GER"]
[SourceTitle "Telechess CBM 151"]
[Source "ChessBase"]
[SourceDate "2012.11.13"]
[SourceVersion "1"]
[SourceVersionDate "2012.11.13"]
[SourceQuality "1"]

1. e4 e5 2. f4 exf4 3. Nf3 g5 4. Bc4 g4 5. 0-0 gxf3 6. Qxf3 Qf6 7. d3 Nc6 8. Bxf4 d6 9. Nc3 Nge7 10. Nb5 Kd8 11. Qg3 Qg6 12. Bg5 f5 13. Rxf5 Bxf5 14. exf5 Qxf5 15. Rf1 Qc5+ 16. Kh1 a6 17. Bf6 axb5 18. Be6 Qh5 19. Bxh8 Ng6 20. Bg4 Qd5 21. Qh3 Qg8 22. Bc3 Bg7 23. Bd2 h6 24. Be6 Qh8 25. Qh5 Nce5 26. c3 Qe8 27. Bf7 Qe7 28. Bxg6 Rxa2 29. Bc1 Nxg6 30. Qxg6 Ra1 31. h3 c5 32. Kh2 Qe5+ 33. Bf4 Rxf1 34. Bxe5 Bxe5+ 35. g3 Rf2+ 36. Kh1 Kc7 37. Qh7+ Kb6 38. d4 Bxg3 39. dxc5+ Kxc5 40. Qc7+ Kd5 41. Qxb7+ Kc5 42. b3 Rh2+ 43. Kg1 Be5 44. Qc7+ Kd5 45. c4+ Kd4 46. cxb5 Rb2 47. Qc4+ Ke3 48. Qc1+ Kd3 49. Qf1+ Ke4 50. Qd1 h5 51. h4 d5 52. Qe1+ Kd4 53. b4 Bd6 54. Qa1 Kc3 55. b6 d4 56. Qe1+ Rd2 57. b5 d3 58. b7 Kc2 59. Qe8 1-0

[Event "SM-2010-0-00113"]
[Site "LSS email"]
[Date "2010.08.03"]
[Round "?"]
[White "Skonieczny, Jerzy"]
[Black "Bernal Varela, Nelson"]
[Result "1/2-1/2"]
[WhiteElo "2290"]
[BlackElo "2157"]
[PlyCount "69"]
[EventDate "2010.07.13"]
[EventType "tourn (corr)"]
[EventRounds "6"]
[EventCountry "GER"]
[SourceTitle "Telechess CBM 143"]
[Source "ChessBase"]
[SourceDate "2011.07.15"]
[SourceVersion "1"]
[SourceVersionDate "2011.07.15"]
[SourceQuality "1"]

1. e4 c5 2. d4 cxd4 3. c3 dxc3 4. Nxc3 Nc6 5. Nf3 Nf6 6. Bc4 e6 7. 0-0 Nxe4 8. Nxe4 d5 9. Bd3 dxe4 10. Bxe4 Qxd1 11. Rxd1 Bd7 12. Ng5 Nd8 13. Nxh7 Be7 14. Ng5 Bc6 15. g3 Bxg5 16. Bxc6+ Nxc6 17. Bxg5 Rh5 18. Be3 Rb5 19. b3 Rd8 20. Kf1 e5 21. Ke2 Ra5 22. Rxd8+ Kxd8 23. h4 Kd7 24. h5 Ke6 25. g4 f6 26. Kf3 a6 27. Ke4 Ne7 28. a3 f5+ 29. gxf5+ Nxf5 30. a4 Nd6+ 31. Kf3 Rd5 32. Rg1 Ne8 33. Rg6+ Kf5 34. Ke2 Rd7 35. Rg5+ 1/2-1/2

[Event "SM-2010-0-00113"]
[Site "LSS email"]
[Date "2010.08.02"]
[Round "?"]
[White "Fages, Jorge Juan"]
[Black "Skonieczny, Jerzy"]
[Result "1/2-1/2"]
[WhiteElo "2196"]
[BlackElo "2297"]
[PlyCount "100"]
[EventDate "2010.07.13"]
[EventType "tourn (corr)"]
[EventRounds "6"]
[EventCountry "GER"]
[SourceTitle "Telechess CBM 143"]
[Source "ChessBase"]
[SourceDate "2011.07.15"]
[SourceVersion "1"]
[SourceVersionDate "2011.07.15"]
[SourceQuality "1"]

1. d4 Nf6 2. c4 e6 3. Nf3 d5 4. Nc3 Bb4 5. e3 0-0 6. Bd2 c5 7. a3 Bxc3 8. Bxc3 Ne4 9. Rc1 Nxc3 10. Rxc3 cxd4 11. Nxd4 e5 12. Nb3 Be6 13. cxd5 Qxd5 14. Qxd5 Bxd5 15. f3 Nd7 16. Bb5 Bxb3 17. Rxb3 Rac8 18. 0-0 Rc7 19. Rd1 Nf6 20. Kf2 h6 21. Be2 g6 22. e4 Rfc8 23. Ke3 Kf8 24. Rb5 Re7 25. a4 Kg7 26. a5 Nh5 27. g3 Nf6 28. Rd3 Rcc7 29. Rd6 Rc1 30. a6 b6 31. Rd8 Nd7 32. Rd5 Nc5 33. Rd1 Rxd1 34. Rxd1 Ne6 35. Rd5 Kf6 36. h4 Rc7 37. f4 Rc2 38. Rd7 Rc7 39. Rd2 Rc5 40. h5 g5 41. fxe5+ Kxe5 42. Rd7 Rc7 43. Rd5+ Kf6 44. e5+ Ke7 45. Bb5 Ng7 46. g4 Ne6 47. b4 Rc3+ 48. Rd3 Rxd3+ 49. Bxd3 Nf4 50. Bc4 Ng2+ 1/2-1/2

[Event "LSS WC-2013-S-00002"]
[Site "LSS email"]
[Date "2010.07.20"]
[Round "?"]
[White "Mueller Alves, Martin"]
[Black "Skonieczny, Jerzy"]
[Result "1-0"]
[WhiteElo "2292"]
[BlackElo "2300"]
[PlyCount "79"]
[EventDate "2010.07.25"]
[EventType "tourn (corr)"]
[EventRounds "10"]
[EventCountry "GER"]
[SourceTitle "Telechess CBM 143"]
[Source "ChessBase"]
[SourceDate "2011.07.15"]
[SourceVersion "1"]
[SourceVersionDate "2011.07.15"]
[SourceQuality "1"]

1. e4 d5 2. exd5 Nf6 3. Nf3 Nxd5 4. d4 g6 5. c4 Nb6 6. Nc3 Bg7 7. c5 Nd5 8. Bc4 Nxc3 9. bxc3 0-0 10. 0-0 b6 11. Re1 Nc6 12. Bg5 h6 13. Bh4 Bf6 14. Bxf6 exf6 15. Nh4 Kg7 16. Qd3 Bd7 17. Bxf7 Rxf7 18. Qxg6+ Kf8 19. Rad1 Rg7 20. Qxh6 Kg8 21. Rd3 Ne7 22. Ree3 Qe8 23. h3 Kf7 24. d5 bxc5 25. d6 cxd6 26. Rxd6 Kg8 27. Qxf6 Rb8 28. Qf4 Rb1+ 29. Kh2 Rb7 30. Ng6 Bb5 31. Ne5 Qb8 32. Qf6 Rb6 33. Rg3 Rxg3 34. Qe6+ Kh8 35. fxg3 Qe8 36. Rxb6 axb6 37. Qxe7 Qxe7 38. Ng6+ Kg7 39. Nxe7 Be8 40. g4 1-0